Administración de Recursos Humanos

Bibliographic Details
Main Author: Chiavenato, Idalberto
Format: Section = Libro
Language:Undetermined
Spanish
Published: México McGraw-Hill 2007
Edition:8a.ed
Subjects:
LEADER 00694nam a2200241Ia 4500
008 240830s9999 xx 000 0 und d
020 |a 970-10-6104-7 
040 |a B-ESTELÍ- RUACS / 658.3 Ch532 
041 |a spa 
082 |a 658.3 Ch532 
100 1 |a Chiavenato, Idalberto 
245 1 0 |a Administración de Recursos Humanos 
250 |a 8a.ed 
260 |a México  |b McGraw-Hill  |c 2007 
300 |a 500 p. :il 
650 7 |a ADMINISTRACION - RECURSOS HUMANOS 
650 7 |b  RECLUTAMIENTO Y SELECCION DE PERSONAL 
650 7 |c  EVALUACION DE DESEMPEÑO 
650 7 |d  COMPENSACION - SALARIO 
650 7 |e  HIGIENE - SEGURIDAD DEL TRABAJO 
942 |c BK  |2 ddc 
991 |a TEXTO 
999 |c 11459